000 00907nam a2200301 i 4500
003 DO-SdBNP
005 20260519132602.0
007 ta
008 260519b2019 dr ||||| |||| 00| 0 spa d
020 _a9789945913620
040 _aDO-SdBNP
_bspa
_cBNPHU
_erda
041 _aspa
082 4 _axxx
_bA255u 2019
_222
100 1 _aAñez Bergés, Rafael
_eautor
_4aut.
_989662
245 1 4 _aUna farsa en do menor, 1969 /
_cRafael Añez Bergés.
250 _aSegunda edición
264 4 _aSanto Domingo, República Dominicana :
_bEditora Ortega, SRL,
_c©2019.
300 _a69 páginas ;
_c23 cm.
336 _atexto
_btxt
_2rdacontent
337 _asin mediación
_bn
_2rdamedia
338 _avolumen
_bnc
_2rdacarrier
500 _aTeatro Dominicano
500 _aPieza en un acto
586 _aPrimer Premio Teatro 1970
590 _aInventariado, 2026 /LP
910 _aLP
942 _2ddc
_cLBS1
999 _c60783
_d60783